000 00756nam0a2200241 4500
001 RU\NLR\BIBL_A\011177004
005 20190618132645.0
035 _a(NLR Aleph) 011177004
090 _a11797665
_c11797665
100 _a20160715d1966 muey0rusy50 ca
101 0 _ainh
102 _aRU
105 _ay z 000 y
200 1 _aСедкъий догIа
_fС. Чахкиев
210 _aГрозный
_cНохч-ГIалгIай кн. изд-во
_d1966
215 _a93, [1] с.
_d13
541 1 _aЗвездный дождь
_zrus
686 1 _aШ6(2=И)7-5
700 1 _aЧахкиев
_bС. И.
_f1938-
_gСаид Идрисович
_4070
852 _aNLR
_bОНЛ
_jИнгуш./1-76
942 _cBOOK
980 _aNB